| 000 | 00562nam a2200193Ia 4500 | ||
|---|---|---|---|
| 005 | 20250808120617.0 | ||
| 008 | 008 250516s9999 xx 000 0 hin d | ||
| 020 | _a9788119899760 | ||
| 040 |
_beng _cSDCL |
||
| 041 |
_ahin _2hin |
||
| 084 | _aO152,1N57x R4 | ||
| 100 |
_aRai, Subhash _9817542 |
||
| 245 | 0 | _aDigambar Vidrohini Akk Mahadevi | |
| 246 | _aदिगंबर विद्रोहिणी अक्क महादेवी | ||
| 260 |
_aNoida: _bSetu Prakashan, _c2024. |
||
| 300 | _a439p. | ||
| 650 | _aHindi | ||
| 942 |
_cTEXL _2CC |
||
| 999 |
_c1430724 _d1430724 |
||